000 004830000a22001570004500
041 0 _aSPA
082 0 4 _aG 823.8 L4191a
100 1 _aLawrence, David Herbert (1885-1930)
245 1 0 _aEl amante de Lady Chatterley / David Herbert Lawrence ; Bernardo Fernández, Traductor
260 _aBogotá : Oveja Negra
300 _a360 Pag
440 0 _aColección Historia Universal de la Literatura
500 _aTítulo original : Lady Chatterley's lover
001 13151
942 _cBK
999 _c42141
_d42141